000 01119nam0a2200301 4500
001 RU\NLR\bibl\1302697
005 20250615151608.0
010 _a978-5-282-02863-8
_93000
021 _aRU
_b2008-81137
_94716
035 _a(NLR Aleph) 001288259
090 _a542711
_c542711
100 _a20081204d2008 |||y0rusy50 ca
101 0 _arus
102 _aRU
105 _ay |||||||||
200 1 _aУстойчивость банковской системы России
_e(методология, проблемы, стратегия)
_fК.С. Тихонков
210 _aМосква
_cЭкономика
_d2008
215 _a461, [1] с.
_d23
320 _aБиблиогр. в конце кн. (33 назв.)
606 1 _aБанковская система
_xУстойчивость
_yРоссийская Федерация
_92116947
_3RU\NLR\auth\661278772
686 _aУ26(2)210(2Р)
700 1 _aТихонков
_bК. С.
_gКирилл Сергеевич
_4070
801 0 _aRU
_bNLR
_c20081204
_gRCR
801 1 _aRU
_bNLR
_c20081204
942 _cBOOK
980 _aNB